Optimalizácia stavu zásob v sklade potravín bakalárska práca

Guardado en:
Detalles Bibliográficos
Autor principal: Giertlová, Nikola
Autor Corporativo: Fakulta hospodárskej informatiky EU. Katedra operačného výskumu a ekonometrie
Otros Autores: Čemická, Katarína
Formato: Libro
Lenguaje:eslovaco
Publicado: Bratislava 2010
Etiquetas: Agregar Etiqueta
Sin Etiquetas, Sea el primero en etiquetar este registro!

MARC

LEADER 00000nbm a2200000 4500
001 0136147
005 20160428114439.3
041 0 |a slo 
044 |a SK 
245 1 0 |a Optimalizácia stavu zásob v sklade potravín  |b bakalárska práca  |c Nikola Giertlová ; školiteľ: Katarína Čemická 
264 1 |a Bratislava  |c 2010 
300 |a 35 s. 
100 1 |a Giertlová, Nikola 
700 1 |a Čemická, Katarína 
710 2 |a Fakulta hospodárskej informatiky EU. Katedra operačného výskumu a ekonometrie